000 00433nam a2200181Ia 4500
001 1394
005 20260306143725.0
008 260306t2020||||xx |||||||||||||| ||spa||
041 _aESP
082 _a150
_bB82
100 _aBrentano, Franz
_eAUT
245 0 _aPsicología desde el punto de vista empírico
260 _c2020
300 _a318 páginas :
_c21 cm.
650 _aGEN
654 _aCPS
942 _cLIB
_dJUS
_fJUS
_2ddc
_n
999 _c1394
_d1394